000 00422cam a2200169ua 4500
020 _c1.50
041 _amal
_h
082 _a894.8124
_bMUN/SA
100 _aJoseph, Mundassery .
245 _aSasthram jeevithathil /
_cJoseph Mundassery.
_hTextual Documents
260 _aThrissur :
_bThe Mangalodayam Pvt Ltd ,
_c1964.
300 _a ; .
365 _a1.50
504 _a
942 _cBK
999 _c5799
_d5799